All loyal seamen or able-bodied landmen, desirous of serving His Majesty King George the Third, and willing to enter on board the galley Philadelphia,fitted for the better defence of the city, and river-service only: now lying at the New-Ferry Wharf; will meet with every encouragement ...

Bibliographic Details
Corporate Author: Philadelphia (Ship)
Format: eBook
Language:English
Series:Early American imprints. Evans (1639-1800) ; no. 15815.
Subjects:
Online Access:Evans Digital Edition

MARC

Tag First Indicator Second Indicator Subfields
LEADER 00000cam a22000001a 4500
001 in00002139889
006 m e d #
007 cr mn mmmmabba
008 810424s1778 pau s 000 0 eng d
005 20260331143023.3
035 |z w035016 
035 |a MAAR8104242112B 
035 |9 mwa91-27039 
035 |a 326605 
035 |a aas03035016 
040 |a MWA  |c MWA  |e bdrb  |d UtOrBLW 
110 2 |a Philadelphia (Ship) 
245 1 0 |a All loyal seamen or able-bodied landmen, desirous of serving His Majesty King George the Third, and willing to enter on board the galley Philadelphia,fitted for the better defence of the city, and river-service only: now lying at the New-Ferry Wharf; will meet with every encouragement ... 
264 3 |a [Philadelphia] :  |b Printed by James Humphreys, Junr. in Market-Street, between Front and Second-Streets,  |c [1778?] 
300 |a 1 sheet (1 unnumbered page) 
336 |a text  |b txt  |2 rdacontent 
337 |a computer  |b c  |2 rdamedia 
338 |a online resource  |b cr  |2 rdacarrier 
500 |a Evans and Hildeburn supply imprint date of 1778. However, Humphreys printed at this Philadelphia address from November 19, 1777, to May 23, 1778, making a publication date late in 1777 a possibility. 
510 4 |a Evans  |c 15815 
510 4 |a Hildeburn, C.R. Pennsylvania,  |c 3665 
530 |a Microform version available in the Readex Early American Imprints series. 
533 |a Electronic text and image data.  |b [Chester, Vt. :  |c Readex, a division of Newsbank, Inc.,  |d 2002-2004.  |e Includes files in TIFF, GIF and PDF formats with inclusion of keyword searchable text.  |f (Early American imprints. First series ; no. 15815). 
500 |a Electronic resource. 
610 1 0 |a Great Britain.  |b Royal Navy  |x Recruiting, enlistment, etc. 
650 0 |a Recruiting and enlistment. 
655 7 |a Broadsides.  |2 rbgenr 
752 |a United States  |b Pennsylvania  |d Philadelphia. 
830 0 |a Early American imprints.  |n Series I,  |p Evans (1639-1800) ;  |v no. 15815. 
856 4 1 |u http://proxy.library.tamu.edu/login?url=https://opac.newsbank.com/select/evans/15815  |y Evans Digital Edition  |t 0 
999 |a MARS 
999 f f |s 344b76cf-69d8-3359-82b4-a390c08f7e67  |i 551145bf-2fbd-32e8-8d87-10af205de61c  |t 0 
952 f f |a Texas A&M University  |b College Station  |c Electronic Resources  |s www_evans  |d Available Online  |t 0  |h No information provided 
998 f f |t 0  |l Available Online